Komunikačné zručnosti v praxi a ich rodové diferencie

Rodové a komunikačné zručnosti. Rodové rozdiely v komunikačných zručnostiach. Rodové diferencie v atribútoch komunikačných zručností.

Guardado en:
Detalles Bibliográficos
Autor principal: Birkner, Martin
Otros Autores: Birknerová, Zuzana
Formato: Capítulo de libro
Lenguaje:eslovaco
Materias:
Etiquetas: Agregar Etiqueta
Sin Etiquetas, Sea el primero en etiquetar este registro!

MARC

LEADER 00000naa a2200000 4500
001 0212156
005 20231204122412.0
041 0 |a slo 
044 |a SK 
245 1 0 |a Komunikačné zručnosti v praxi a ich rodové diferencie  |c Martin Birkner, Zuzana Birknerová 
520 |a Rodové a komunikačné zručnosti. Rodové rozdiely v komunikačných zručnostiach. Rodové diferencie v atribútoch komunikačných zručností. 
610 2 0 |a zručnosti 
610 2 0 |a vzťahy genderové 
610 2 0 |a komunikácia manažérska 
610 2 0 |a diferenciácia rodová 
100 1 |a Birkner, Martin 
700 1 |a Birknerová, Zuzana